Ngữ pháp tiếng Pháp = Grammaire Francaise

Yêu cầu chính của sách là tạo điều kiện giúp bạn đọc nắm bắt nhanh các yêu cầu về ngữ pháp, sách không có sự giải thích dài dòng trong các đề mục, tập trung nêu bật được ý chủ đạo với các ví dụ minh họa kèm theo. Sách bố cục mạch lạc v...

Deskribapen osoa

Gorde:
Xehetasun bibliografikoak
Egile nagusia: Trần, Huy
Formatua: Liburua
Hizkuntza:Undetermined
Argitaratua: Đồng Tháp Nxb. Đồng Tháp 1997
Gaiak:
Etiketak: Etiketa erantsi
Etiketarik gabe, Izan zaitez lehena erregistro honi etiketa jartzen!
Thư viện lưu trữ: Trung tâm Học liệu Trường Đại học Cần Thơ
LEADER 01151nam a2200217Ia 4500
001 CTU_16522
008 210402s9999 xx 000 0 und d
082 |a 445 
082 |b H523 
100 |a Trần, Huy 
245 0 |a Ngữ pháp tiếng Pháp = 
245 0 |b Grammaire Francaise 
245 0 |c Trần Huy 
260 |a Đồng Tháp 
260 |b Nxb. Đồng Tháp 
260 |c 1997 
520 |a Yêu cầu chính của sách là tạo điều kiện giúp bạn đọc nắm bắt nhanh các yêu cầu về ngữ pháp, sách không có sự giải thích dài dòng trong các đề mục, tập trung nêu bật được ý chủ đạo với các ví dụ minh họa kèm theo. Sách bố cục mạch lạc và khoa học, là phương tiện thiết thực giúp đà đọc giả học hỏi, tham khảo, tra cứu nhanh khi cần thiết trong quá trình đọc và viết tiếng Pháp. 
650 |a French language 
650 |x Grammar 
904 |i Qhieu đã sửa 
980 |a Trung tâm Học liệu Trường Đại học Cần Thơ